02278njm a2200325 c 4500001000200000003000900002005001700011008003000028015000600058017000900064020001800073035000600091040002500097082002700122084000900149100002700158240001200185245013000197246003300327260005500360300004700415490005600462500004200518504003200560505000600592520118700598534007101785600004701856700004901903 DO-SdBNP20240312092353.0160127s 2008 mx d spa a  a b  a9789681680039 a  aBPMSUbspacBPMSUe  a928.21bL921B 2009222 a 2 1 aBowker, Gordon. d 4 10a n r 10aPerseguido por los demonios : bvida de Malcolm Lowry / cGordon Bowker ; traducción de María Aída Espinosa Meléndez.13aPerseguido por los demonios  aMéxico :bFondo de Cultura Econonómica, c2008 a712 p., [16] p. de láminasc23 cm.e b 0 aSección de obras de lengua y estudios literarios  a Incluye bibliografías e índice.  aBibliografía. p.: 187-1880 a  aMéxico ejerció un atractivo singular, hecho de fascinación y terror, sobre varios escritores anglosajones notables del siglo XX. Pero sólo en Malcolm Lowry la mezcla de la vida y la obra alcanza abismos en verdad infernales, volcánicos, como hay tantos en la geografía mexicana. Los devotos lectores de Bajo el volcán (1947) -sin exageración, una de las cumbres literarias del siglo XX- supieron siempre que aquella novela magistral escondía claves personales que pedían una biografía definitiva que las revelara. Nadie mejor que Gordon Bowker para escribirla. Biógrafo de Orwell y Durrell y compilador editorial de Lowry, Bowker explora con detalle acucioso, a partir de fuentes y testimonios hasta ahora desconocidos, y con una sensibilidad a un tiempo cuidadosa y descarnada, el laberinto existencial de Lowry: el insensato suicidio al que orilló a un amigo de la juventud y la estela de culpa; el alcoholismo agresivo; sus dos matrimonios; la pérdida de sus manuscritos; el incendio de su casa; su tránsito por ciudades, prisiones, cantinas y sanatorios; su torturada relación con médicos, editores, familiares, doctores; su misteriosa muerte.  pTítulo original : tPersued by furies. A life of Malcolm Lowry 14aLowry, Malcolm,d1909-1957 vBiografías 1 aBeethoven, Ludwig vand1770-1827t m n r